[Event "RUDAR 2 IM 2022"]
[Site "Pozarevac"]
[Date "2022.04.07"]
[Round "7.4"]
[White "Andreev, Konstantin"]
[Black "Savitha Shri B"]
[Result "0-1"]
[WhiteElo "2238"]
[BlackElo "2257"]
[Annotator "TA"]
[PlyCount "108"]
[EventDate "2022.03.27"]
[EventType "tourn"]
[EventCountry "SRB"]
[SourceTitle "playchess.com"]
[Source "ChessBase"]
[SourceQuality "1"]
[TimeControl "40/5400+30:900+30"]

{[%evp 61,108,-92,-96,-93,-76,-214,-214,-223,0,-82,0,0,0,-8,-8,-131,-98,-105,-94,-278,-291,-339,-340,-314,-355,-491,-483,-462,-410,-420,-410,-403,-351,-697,-685,-671,-661,-726,-712,-697,-653,-1482,-1452,-1612,-1526,-1365,-1301,-2694,-2216]} 1. e4 {[%emt 0:00:02]} c5 {[%emt 0:01:44]} 2. Nf3 {[%emt 0:00:05]} d6 {[%emt 0:00:06]} 3. d4 {[%emt 0:00:10]} cxd4 {[%emt 0:00:09]} 4. Nxd4 {[%emt 0:00:13]} Nf6 {[%emt 0:00:08]} 5. Nc3 {[%emt 0:00:06]} a6 {[%emt 0:00:05]} 6. h3 {[%emt 0:00:23]} Nbd7 {[%emt 0:01:19]} 7. g4 {[%emt 0:00:34]} Nc5 {[%emt 0:02:58]} 8. Bg2 {[%emt 0:00:19]} e5 {[%emt 0:06:12]} 9. Nde2 {[%emt 0:00:06]} h6 {[%emt 0:08:53]} 10. Be3 {[%emt 0:01:30]} Be6 {[%emt 0:04:44]} 11. Ng3 {[%emt 0:03:39]} b5 {[%emt 0:01:51]} 12. O-O {[%emt 0:05:28]} Rc8 {[%emt 0:04:55]} 13. Kh1 {[%emt 0:02:20]} g5 {[%emt 0:02:41]} 14. Nd5 {[%emt 0:07:14]} Ncd7 {[%emt 0:17:53]} 15. Kg1 {[%emt 0:05:37]} h5 {[%emt 0:06:47]} 16. Bxg5 {[%emt 0:12:56]} hxg4 {[%emt 0:04:47]} 17. hxg4 {[%emt 0:00:11]} Rg8 {[%emt 0:03:03]} 18. Qd2 {[%emt 0:07:22]} Bxg4 {[%emt 0:06:30]} 19. c3 {[%emt 0:08:33]} Be6 {[%emt 0:02:38]} 20. Rae1 {[%emt 0:05:42]} Bxd5 {[%emt 0:02:15]} 21. exd5 {[%emt 0:00:06]} Rc4 {[%emt 0:03:54]} 22. f4 {[%emt 0:02:48]} Qb6+ {[%emt 0:00:35]} 23. Qf2 {[%emt 0:03:04]} Nh7 {[%emt 0:02:49]} 24. Qxb6 {[%emt 0:01:13]} Nxb6 {[%emt 0:00:02]} 25. Ne4 {[%emt 0:01:52]} Nxd5 {[%emt 0:05:59]} 26. Nd2 {[%emt 0:08:48]} Nxg5 {[%emt 0:02:07]} 27. Nxc4 {[%emt 0:00:48]} Nxf4 {[%emt 0:02:43]} 28. Ne3 {[%emt 0:00:24]} Be7 {[%emt 0:01:00]} 29. Kh2 {[%emt 0:03:52]} Rh8+ {[%emt 0:00:42]} 30. Kg1 {[%emt 0:01:23]} Rg8 {[%emt 0:00:02]} 31. Kh2 {[%emt 0:00:07]} Nge6 {[%emt 0:01:15]} 32. Bc6+ {[%emt 0:02:10]} Kf8 {[%emt 0:00:07]} 33. Nf5 {[%emt 0:00:28] [#]} (33. Ng2 $17) 33... Rh8+ $1 $19 {[%emt 0:00:28]} 34. Kg3 {[%emt 0:00:28]} Rg8+ $2 {[%emt 0:04:10]} ({Black should try} 34... Rh3+ $19 35. Kg4 Rh5 36. Nxe7 Kxe7) 35. Kf3 {[%emt 0:00:43]} (35. Kh2 $11) 35... Nd3 {[%emt 0:00:33]} ({Black should play} 35... Rg2 $17 {Threatens to win with ...Bd8.} 36. Rg1 Rxb2) 36. Rb1 $11 {[%emt 0:00:37]} Rg5 {[%emt 0:01:09]} 37. Nxe7 {[%emt 0:00:49]} Kxe7 {[%emt 0:00:01]} 38. Be4 {[%emt 0:00:07]} (38. Ke3 $11 {remains equal.} Nef4 39. Be4) 38... Ndc5 {[%emt 0:00:46]} 39. Rg1 {[%emt 0:00:59]} Rh5 {[%emt 0:01:04]} 40. Bd5 $2 {[%emt 0:00:00]} (40. Bc2 $17) 40... Nf4 $19 {[%emt 0:00:00]} 41. Bb3 {[%emt 0:02:08] [#]} Rh3+ $1 {[%emt 0:02:20]} 42. Rg3 {[%emt 0:01:39]} Rh2 {[%emt 0:00:29]} 43. Rg7 {[%emt 0:01:14]} d5 {[%emt 0:00:38]} 44. Rd1 {[%emt 0:10:48]} Nxb3 {[%emt 0:02:04]} 45. axb3 {[%emt 0:00:09]} Rxb2 {[%emt 0:00:05]} 46. Ra1 {[%emt 0:00:19]} Ne6 {[%emt 0:01:37]} 47. Rg2 $2 {[%emt 0:00:46]} (47. Rg3) 47... e4+ $19 {[%emt 0:00:45]} 48. Kg3 {[%emt 0:00:07]} Rxb3 {[%emt 0:00:05]} 49. Rxa6 {[%emt 0:00:14]} Rxc3+ {[%emt 0:00:09]} 50. Kg4 {[%emt 0:00:06]} e3 {[%emt 0:03:07]} 51. Kf5 {[%emt 0:00:26]} d4 {[%emt 0:03:57]} 52. Ra7+ {[%emt 0:01:00]} Kd6 {[%emt 0:00:30]} 53. Ke4 {[%emt 0:03:53]} f5+ {[%emt 0:01:14]} 54. Kf3 {[%emt 0:01:09]} e2+ {[%emt 0:00:31]} 0-1

[Event "RUDAR 2 IM 2022"]
[Site "Pozarevac"]
[Date "2022.04.07"]
[Round "7.5"]
[White "Milanovic, Slavisa"]
[Black "Rajkovic, Aleksandar"]
[Result "1/2-1/2"]
[WhiteElo "2296"]
[BlackElo "2181"]
[Annotator "TA"]
[PlyCount "78"]
[EventDate "2022.03.27"]
[EventType "tourn"]
[EventCountry "SRB"]
[SourceTitle "playchess.com"]
[Source "ChessBase"]
[SourceQuality "1"]
[TimeControl "40/5400+30:900+30"]

{[%evp 32,78,63,58,60,59,75,65,62,64,99,60,83,70,58,3,76,78,75,69,210,57,46,36,36,34,33,33,33,33,33,33,33,33,33,33,33,33,33,33,33,33,60,33,64,63,66,66,66]} 1. c4 {[%emt 0:00:03]} d6 {[%emt 0:00:56]} 2. d4 {[%emt 0:01:56]} Nf6 {[%emt 0:00:33]} 3. Nc3 {[%emt 0:00:35]} g6 {[%emt 0:01:49]} 4. e4 {[%emt 0:00:35]} Bg7 {[%emt 0:00:11]} 5. h3 {[%emt 0:00:07]} c5 {[%emt 0:00:25]} 6. Nf3 {[%emt 0:02:28]} cxd4 {[%emt 0:00:31]} 7. Nxd4 {[%emt 0:00:06]} O-O {[%emt 0:00:06]} 8. Be3 {[%emt 0:00:33]} Nc6 {[%emt 0:02:24]} 9. Be2 {[%emt 0:00:17]} Bd7 {[%emt 0:03:46]} 10. O-O {[%emt 0:02:25]} Nxd4 {[%emt 0:01:08]} 11. Bxd4 {[%emt 0:00:08]} Bc6 {[%emt 0:00:03]} 12. Qc2 {[%emt 0:00:12]} Nd7 {[%emt 0:00:37]} 13. Bxg7 {[%emt 0:00:59]} Kxg7 {[%emt 0:00:05]} 14. b4 {[%emt 0:00:10]} b6 {[%emt 0:00:30]} 15. Rac1 {[%emt 0:05:22]} a5 {[%emt 0:03:02]} 16. a3 {[%emt 1:22:34]} axb4 {[%emt 0:02:46]} 17. axb4 {[%emt 0:00:00]} Ra7 {[%emt 0:00:08]} 18. f4 {[%emt 0:00:00]} Qa8 {[%emt 0:07:54]} 19. Qd3 {[%emt 0:00:00]} Kg8 {[%emt 0:04:46]} 20. Qd4 {[%emt 0:00:00]} Qb8 {[%emt 0:02:57]} 21. Rc2 {[%emt 0:00:00]} Ra3 {[%emt 0:08:03]} 22. Bg4 {[%emt 0:00:00]} Nf6 {[%emt 0:02:03]} 23. b5 {[%emt 0:00:00]} (23. Bf3 $14) 23... e5 {[%emt 0:01:10]} (23... Ba8 $1 $11) 24. fxe5 $16 {[%emt 0:00:00]} dxe5 {[%emt 0:00:29]} 25. Qd1 {[%emt 0:00:00]} Nxe4 {[%emt 0:04:34] [#]} ({Better is} 25... Bxe4 $14 26. Rxf6 Bxc2 27. Qxc2 e4) 26. bxc6 $2 {[%emt 0:00:00]} (26. Nb1 $1 $18 {[%cal Rb1a3]}) 26... Nxc3 $14 {[%emt 0:01:12]} (26... Rxc3 $2 27. Rxc3 Nxc3 28. Qd7 $18) 27. Qc1 {[%emt 0:00:00]} Qd6 {[%emt 0:00:22]} 28. c7 {[%emt 0:00:00]} f5 {[%emt 0:00:15]} 29. Bxf5 {[%emt 0:00:00]} gxf5 {[%emt 0:01:56]} 30. Qg5+ {[%emt 0:00:00]} Kh8 {[%emt 0:00:23]} 31. Rxf5 {[%emt 0:00:00]} Ra1+ {[%emt 0:00:19]} (31... Qc5+ $2 32. Kh2 Raa8 33. Rxf8+ Qxf8 34. Rxc3 $18) 32. Kh2 {[%emt 0:00:00]} e4+ {[%emt 0:01:50]} 33. Qf4 {[%emt 0:00:00]} Qxf4+ {[%emt 0:01:33]} 34. Rxf4 {[%emt 0:00:00]} Rc8 {[%emt 0:00:18]} 35. Rxc3 {[%emt 0:00:00]} Rxc7 {[%emt 0:00:35]} 36. Rxe4 {[%emt 0:00:00]} Ra8 {[%emt 0:00:07]} 37. Rg3 {[%emt 0:00:43]} Rg8 {[%emt 0:00:56]} 38. Rb3 {[%emt 0:03:58]} Rgc8 {[%emt 0:00:48]} 39. Rb4 {[%emt 0:00:07]} Rc5 {[%emt 0:02:36]} 1/2-1/2

[Event "RUDAR 2 IM 2022"]
[Site "Pozarevac"]
[Date "2022.04.08"]
[Round "8.1"]
[White "Ivanovic, Marko"]
[Black "Milanovic, Slavisa"]
[Result "1-0"]
[WhiteElo "2302"]
[BlackElo "2296"]
[Annotator "TA"]
[PlyCount "117"]
[EventDate "2022.03.27"]
[EventType "tourn"]
[EventCountry "SRB"]
[SourceTitle "playchess.com"]
[Source "ChessBase"]
[SourceQuality "1"]
[TimeControl "40/5400+30:900+30"]

{[%evp 16,117,2,0,0,0,19,7,12,14,7,0,32,0,21,0,81,72,66,51,108,95,202,189,194,194,202,192,197,202,342,321,411,193,322,287,289,300,399,370,376,243,221,135,264,217,303,298,285,0,304,279,514,506,502,481,494,493,493,477,528,285,260,264,354,354,367,159,342,245,420,339,322,268,279,178,254,238,354,364,343,329,746,673,796,691,688,676,666,668,654,628,610,620,800,570,2784,2750,29989,29990,29990,29991,29994,29995]} 1. e4 {[%emt 0:10:23]} e6 {[%emt 0:00:04]} 2. d4 {[%emt 0:00:28]} d5 {[%emt 0:00:06]} 3. Nc3 {[%emt 0:00:05]} Bb4 {[%emt 0:00:06]} 4. e5 {[%emt 0:00:04]} c5 {[%emt 0:00:06]} 5. a3 {[%emt 0:00:04]} Bxc3+ {[%emt 0:00:29]} 6. bxc3 {[%emt 0:00:05]} Ne7 {[%emt 0:00:30]} 7. Qg4 {[%emt 0:00:05]} Qc7 {[%emt 0:02:47]} 8. Bd3 {[%emt 0:00:09]} c4 {[%emt 0:00:11]} 9. Be2 {[%emt 0:00:05]} ({Wrong is} 9. Qxg7 $2 Rg8 10. Qxh7 cxd3 11. Qxd3 b6 $17) 9... Qa5 {[%emt 0:00:07] C18: French: 3 Nc3 Bb4: Main line: 7 h4 and 7 Qg4.} 10. Bd2 {[%emt 0:00:05]} (10. Qxg7 $2 Qxc3+ 11. Kf1 Rg8 $19) 10... Nf5 {[%emt 0:00:03]} 11. h4 $1 {[%emt 0:00:27][%cal Bh2h4,Bh4h5][%mdl 4] outshines the older 11.Nf3.} Qa4 {[%emt 0:00:18] The position is equal.} 12. h5 {[%emt 0:04:39]} h6 {[%emt 0:00:13]} 13. Nf3 {[%emt 0:38:58]} Qxc2 {[%emt 0:11:09] [#]} 14. Rc1 $146 {[%emt 0:10:52]} ({Predecessor:} 14. O-O Bd7 15. a4 b6 16. Bd1 Qb2 17. Rc1 Nc6 18. Bc2 Rg8 19. Qh3 Na5 20. g4 {½-½ (33) Broekhuizen,A (1919)-Hallqvist,N (1992) FICGS email 2020}) 14... Qa2 {[%emt 0:15:09]} 15. Nh4 {[%emt 0:04:11][%mdl 1024] White has compensation.} Rh7 {[%emt 0:12:01]} (15... Kf8 $11 {remains equal.}) 16. Bd1 {[%emt 0:01:13]} Nc6 {[%emt 0:01:13]} 17. Bc2 {[%emt 0:14:54][%cal Rh4f5]} Nce7 {[%emt 0:01:01]} (17... Qxa3 $14 18. Nxf5 exf5 19. Bxf5 Bxf5 20. Qxf5 Rh8) 18. a4 $16 {[%emt 0:02:04] &Bianco is more active.} Bd7 {[%emt 0:00:50]} (18... Qb2 $16) 19. Qd1 $18 {[%emt 0:00:14]} Rh8 {[%emt 0:03:34]} 20. Ra1 {[%emt 0:02:52]} Qb2 {[%emt 0:00:11] [#]} 21. Rb1 $1 {[%emt 0:00:04]} Qa3 {[%emt 0:00:57]} 22. Nxf5 {[%emt 0:02:13]} exf5 {[%emt 0:04:52]} (22... Nxf5 {was called for.} 23. Rxb7 (23. g4 Ne7 $14) 23... Bc6) 23. Rxb7 {[%emt 0:00:12]} Nc6 {[%emt 0:03:43]} 24. Qf3 {[%emt 0:01:53]} (24. Qb1 $142 Rd8 25. O-O) 24... O-O-O {[%emt 0:05:09]} (24... Qa1+ $142 25. Bd1 O-O-O) 25. Rb1 {[%emt 0:03:36]} Be6 {[%emt 0:01:09]} 26. O-O {[%emt 0:00:25][%cal Bh1f1,Bf1b1,Bb1b2][%mdl 32]} ({Resist} 26. Bxf5 $6 Rd7 $16) 26... g6 {[%emt 0:00:54]} 27. Rb5 {[%emt 0:00:46]} Kc7 {[%emt 0:01:45]} 28. Rfb1 {[%emt 0:00:04]} Rb8 {[%emt 0:00:43]} 29. Rxb8 {[%emt 0:00:04] Dancing on a razor blade.} Nxb8 {[%emt 0:00:39]} (29... Rxb8 $16 30. Rxb8 (30. Bxh6 Rxb1+ 31. Bxb1 Qb3 $11) 30... Kxb8) 30. Bc1 {[%emt 0:00:50]} Qa2 {[%emt 0:03:05]} 31. Rb2 {[%emt 0:01:34]} Qa1 {[%emt 0:00:06]} 32. Rb1 {[%emt 0:00:02]} Qa2 {[%emt 0:00:07] [#]} 33. Qd1 {[%emt 0:00:58]} Nc6 $2 {[%emt 0:01:32]} (33... Nd7 {was worth a try.} 34. Bxh6 gxh5) 34. Rb5 {[%emt 0:00:20]} Rb8 {[%emt 0:09:36]} 35. Bb1 {[%emt 0:00:02]} Qxb1 {[%emt 0:00:49]} 36. Rxb1 {[%emt 0:00:05]} Rxb1 {[%emt 0:00:04]} 37. Qc2 {[%emt 0:00:33]} Ra1 {[%emt 0:03:06]} 38. Kh2 {[%emt 0:00:21]} gxh5 {[%emt 0:00:48]} 39. Bxh6 {[%emt 0:00:15]} Na5 {[%emt 0:00:17]} 40. Bf8 {[%emt 0:00:00]} Nb3 {[%emt 0:00:00]} 41. Bd6+ {[%emt 0:01:36]} (41. f4 $18 {and White stays clearly on top.}) 41... Kb7 $2 {[%emt 0:03:04] A mistake that costs the game.} (41... Kb6 $16 {is a better defense.} 42. Kg3 Rxa4) 42. Qe2 {[%emt 0:00:07]} Rxa4 $2 {[%emt 0:00:55]} (42... Ka6 {was necessary.} 43. Qxh5 f4) 43. Qxh5 {[%emt 0:00:04]} Na5 {[%emt 0:01:17]} 44. f4 {[%emt 0:02:54][%cal Og2g4] Threatens to win with g4!} Ra2 {[%emt 0:00:22]} 45. Kh3 {[%emt 0:00:38][%cal Og2g4] And now g4! would win.} Ra1 {[%emt 0:04:50]} (45... Rc2 $142) 46. Qe2 {[%emt 0:02:06]} Nb3 {[%emt 0:01:11]} (46... Rh1+ $142 47. Kg3 Nb3) 47. Kh4 {[%emt 0:00:26]} a5 {[%emt 0:00:59]} 48. Kg5 {[%emt 0:00:04]} a4 $2 {[%emt 0:00:14]} (48... Kc6 49. Qf2 Rd1) 49. Qb2 {[%emt 0:00:27]} Rg1 {[%emt 0:00:26]} 50. Kf6 {[%emt 0:00:17] Strongly threatening Qa3.} Ra1 {[%emt 0:00:54] Inhibits Qa3.} 51. Ke7 {[%emt 0:00:58]} Kc6 {[%emt 0:00:05]} 52. g3 {[%emt 0:00:12] Intending Qh2 and mate.} Kb5 {[%emt 0:01:24]} 53. Kd8 {[%emt 0:00:23]} Kb6 {[%emt 0:01:12]} 54. Bb4 {[%emt 0:03:38]} Kc6 {[%emt 0:00:27]} 55. Ke7 {[%emt 0:00:37] Hoping for Qh2.} Kc7 {[%emt 0:03:01]} 56. Qh2 {[%emt 0:04:30] Qh8 would kill now.} a3 {[%emt 0:00:36]} 57. Qh8 {[%emt 0:00:03] White mates.} Kb7 {[%emt 0:01:58]} 58. Qe8 {[%emt 0:00:29]} a2 {[%emt 0:00:29]} 59. Qb5+ {[%emt 0:00:05] Weighted Error Value: White=0.42/Black=0.58} 1-0

[Event "RUDAR 2 IM 2022"]
[Site "Pozarevac"]
[Date "2022.04.08"]
[Round "8.2"]
[White "Velikic, Adela"]
[Black "Anishka Vikram"]
[Result "1-0"]
[WhiteElo "2258"]
[BlackElo "2000"]
[Annotator "TA"]
[PlyCount "165"]
[EventDate "2022.03.27"]
[EventType "tourn"]
[EventCountry "SRB"]
[SourceTitle "playchess.com"]
[Source "ChessBase"]
[SourceQuality "1"]
[TimeControl "40/5400+30:900+30"]

{[%evp 9,165,30,36,22,52,41,42,34,50,48,33,41,40,29,63,59,59,11,66,57,52,45,95,50,80,76,75,75,72,58,87,39,93,85,85,49,46,51,38,45,54,62,73,68,164,132,132,132,132,132,132,132,132,132,132,132,132,132,161,161,161,161,141,112,112,24,45,45,45,45,45,45,45,45,45,45,45,4,45,0,45,45,45,45,45,45,45,45,45,45,45,45,45,45,45,45,82,45,45,45,45,45,45,45,45,0,45,45,45,45,45,45,45,45,45,45,1561,45,45,45,137,137,1314,1054,137,137,137,580,29977,29978,29978,137,137,137,29981,45,45,0,29981,137,29982,137,29982,29979,29979,29980,29980,29981,29981,29982,29994,29995,29995,29996,29996,29997,29997,29998]} 1. c4 {[%emt 0:01:49]} Nf6 {[%emt 0:01:00]} 2. Nc3 {[%emt 0:00:25]} d5 {[%emt 0:00:28]} 3. cxd5 {[%emt 0:00:10]} Nxd5 {[%emt 0:00:07]} 4. Nf3 {[%emt 0:00:09]} Nxc3 {[%emt 0:00:24]} 5. bxc3 {[%emt 0:00:08]} g6 {[%emt 0:00:11]} 6. h4 {[%emt 0:00:09] A16: English Opening: 1...Nf6 with ...d5.} h6 {[%emt 0:07:03]} 7. Rb1 {[%emt 0:01:51]} Bg7 {[%emt 0:01:44]} 8. e4 {[%emt 0:04:32] White is slightly better.} c5 {[%emt 0:08:24] [#]} 9. Bb5+ $146 {[%emt 0:09:46]} ({Predecessor:} 9. d4 b6 10. Bf4 Bg4 11. Qa4+ Bd7 12. Qa3 O-O 13. Be5 Bxe5 14. Nxe5 Nc6 15. Nxc6 Bxc6 {½-½ (26) Muhsen,A (2203)-Seger,R (2393) Pardubice 2013}) 9... Bd7 {[%emt 0:01:27]} 10. O-O {[%emt 0:04:11]} O-O {[%emt 0:06:19]} 11. d4 {[%emt 0:10:01]} cxd4 {[%emt 0:06:15]} 12. cxd4 {[%emt 0:00:14]} Bg4 {[%emt 0:03:13]} 13. Be3 {[%emt 0:05:16]} (13. Be2 $14) 13... Nd7 {[%emt 0:09:39]} (13... e6 $11) 14. Qd2 {[%emt 0:17:42]} (14. Be2 $5 {[%cal Rb1b7]}) 14... Bxf3 {[%emt 0:04:19]} 15. gxf3 {[%emt 0:00:12]} e5 {[%emt 0:21:57]} ({Black should try} 15... Nf6 $14) 16. dxe5 {[%emt 0:15:48] &Bianco is more active.} (16. Bxh6 {seems wilder.} Bxh6 17. Qxh6 exd4 18. h5) 16... Nxe5 {[%emt 0:00:14]} 17. Qxd8 $1 {[%emt 0:00:15]} Rfxd8 {[%emt 0:00:22]} 18. Be2 {[%emt 0:00:47] A strong pair of Bishops.} b6 {[%emt 0:01:50]} 19. Rfc1 {[%emt 0:03:25]} Nd3 {[%emt 0:13:11]} 20. Rc4 {[%emt 0:04:03]} ({Better is} 20. Rc7 $16) 20... Bf6 {[%emt 0:03:08]} (20... Be5 $14) 21. h5 $16 {[%emt 0:06:51]} g5 {[%emt 0:01:00]} 22. Bxd3 {[%emt 0:01:01]} Rxd3 {[%emt 0:00:07]} 23. Ra4 {[%emt 0:00:07][%cal Ob1b6]} Rad8 {[%emt 0:05:11]} 24. Rxa7 {[%emt 0:02:40]} Bd4 {[%emt 0:01:10]} 25. Bxd4 {[%emt 0:01:24]} R8xd4 $14 {[%emt 0:00:11][%mdl 4096] Endgame KRR-KRR} 26. Kg2 {[%emt 0:03:04]} Rd6 {[%emt 0:01:20]} (26... g4 $1 $14) 27. Ra6 {[%emt 0:02:18]} Kg7 {[%emt 0:02:25]} 28. Rbxb6 {[%emt 0:02:20]} Rxb6 {[%emt 0:00:06]} 29. Rxb6 $16 {[%emt 0:00:04] KR-KR} Ra3 {[%emt 0:00:05]} 30. Rb2 {[%emt 0:00:12]} Kf6 {[%emt 0:01:09]} 31. Kg3 {[%emt 0:00:35]} Kg7 {[%emt 0:00:57]} 32. Kg4 {[%emt 0:00:36]} Ra4 {[%emt 0:00:18]} 33. Re2 {[%emt 0:00:39]} Ra5 {[%emt 0:00:43]} 34. f4 {[%emt 0:03:54]} gxf4 {[%emt 0:00:09]} 35. f3 $1 {[%emt 0:00:38]} ({Don't play} 35. Kxf4 Rxh5 36. a4 Ra5 $16) 35... Rg5+ {[%emt 0:00:37]} 36. Kxf4 {[%emt 0:00:37]} Rxh5 {[%emt 0:00:06]} 37. e5 {[%emt 0:00:31]} (37. a4 $16) 37... Rh4+ {[%emt 0:00:41]} 38. Kf5 {[%emt 0:00:12] Rg2+ is the strong threat.} Ra4 {[%emt 0:00:41]} 39. Rg2+ {[%emt 0:00:11]} Kf8 {[%emt 0:00:11]} 40. f4 {[%emt 0:00:00]} Ke7 {[%emt 0:00:00]} 41. Rh2 {[%emt 0:04:48]} Ra5 {[%emt 0:02:46]} 42. Kg4 {[%emt 0:09:12]} Ra4 {[%emt 0:02:25]} 43. Rf2 {[%emt 0:01:14]} Ke6 {[%emt 0:01:55]} 44. Rh2 {[%emt 0:01:08]} Ke7 {[%emt 0:00:10]} 45. Rb2 {[%emt 0:01:22]} Ke6 {[%emt 0:01:39]} 46. Rb6+ {[%emt 0:00:42]} Ke7 {[%emt 0:00:06]} 47. Rxh6 {[%emt 0:00:56]} Rxa2 {[%emt 0:00:03]} 48. Rb6 {[%emt 0:00:19]} Ra5 {[%emt 0:05:13]} 49. Kg5 {[%emt 0:00:20]} Rc5 $1 {[%emt 0:02:12]} 50. Rb7+ {[%emt 0:00:45]} Kf8 $1 {[%emt 0:00:30]} 51. Rd7 {[%emt 0:00:47] And now Kf6 would win.} Ke8 {[%emt 0:00:24]} 52. Ra7 {[%emt 0:00:18] Threatens to win with f5.} Kf8 $1 {[%emt 0:00:10]} 53. Kf6 {[%emt 0:00:45]} Rc6+ {[%emt 0:00:04]} 54. Kf5 {[%emt 0:00:05]} Rb6 {[%emt 0:01:41]} 55. Rd7 {[%emt 0:00:19]} Kg7 {[%emt 0:03:03]} 56. Re7 {[%emt 0:01:00]} Kf8 {[%emt 0:00:13]} 57. Rd7 {[%emt 0:00:12]} Kg7 {[%emt 0:00:05]} 58. Kg4 {[%emt 0:00:25] Hoping for f5.} Re6 {[%emt 0:02:17]} 59. Kf3 {[%emt 0:00:30]} Kf8 {[%emt 0:00:53]} 60. Ke4 {[%emt 0:00:10]} Ra6 {[%emt 0:00:10]} 61. f5 {[%emt 0:00:43]} Ke8 {[%emt 0:00:20]} 62. Rc7 {[%emt 0:00:30]} Rb6 $2 {[%emt 0:00:53][%mdl 8192]} (62... Ra1 $14) 63. Kd5 $2 {[%emt 0:00:23]} ({White must play} 63. Kf4 $1 $18 Rb5 64. Rc8+ Kd7 65. Ra8) 63... Ra6 {[%emt 0:00:24]} 64. f6 {[%emt 0:00:55] aiming for Rc8+.} Ra5+ {[%emt 0:00:27]} ({Black should play} 64... Ra1 $1 $14) 65. Kd6 $1 {[%emt 0:00:11][%cal Rc7c8]} Ra6+ $2 {[%emt 0:00:06][%mdl 8192]} (65... Ra8 $16 66. Re7+ Kf8) 66. Rc6 $1 $18 {[%emt 0:00:07]} Ra8 {[%emt 0:00:17]} 67. Rb6 $1 {[%emt 0:01:11]} Rd8+ {[%emt 0:01:12]} 68. Kc7 $1 {[%emt 0:00:15] White wants to mate with Ra6.} Rd7+ {[%emt 0:00:04]} 69. Kc6 {[%emt 0:00:05]} Rd8 {[%emt 0:00:18]} 70. Rb7 $2 {[%emt 0:01:02]} (70. Ra6 $1 Rc8+ 71. Kd6 Rd8+ 72. Kc7 Rd7+ 73. Kc6 Rd8 74. Ra3 Kf8 75. Kc7) 70... Rc8+ $16 {[%emt 0:00:35]} 71. Rc7 $1 {[%emt 0:00:18][%cal Rc7c8]} Rd8 $2 {[%emt 0:00:45][%mdl 8192]} (71... Ra8 $16 72. Re7+ Kf8) 72. Kb7 $2 {[%emt 0:00:40]} (72. Re7+ $1 Kf8 73. Rd7 Rc8+ 74. Kb7 Re8 75. Kc7 Rxe5 76. Rd8+ Re8 77. Kd7) 72... Rd7 {[%emt 0:00:31] Strongly threatening ...Kd8.} 73. Kc6 $2 {[%emt 0:00:40][%mdl 8192]} (73. Rxd7 {is a self mate.} Kxd7 74. Kb6 Ke6 75. Kc6 Kxe5 76. Kc5 Kxf6 77. Kd4 Kf5 78. Ke3 Kg4 79. Kf2 Kf4 80. Ke2 Kg3 81. Kf1 Kf3 82. Kg1 f5 83. Kf1 f4 84. Ke1 Kg2 85. Ke2 f3+ 86. Kd3 f2 87. Ke4 f1=Q 88. Kd5 Kf3 89. Kd6 Qc4 90. Ke5 Kg4 91. Kd6 Kf5 92. Kd7 Ke5 93. Ke8 Qc7 94. Kf8 Kf6 95. Kg8 Qg7#) (73. Kb6 $14 Rd1 74. Re7+ Kf8 75. Kc7) 73... Rd8 {[%emt 0:00:04]} 74. Re7+ $1 {[%emt 0:00:30]} Kf8 {[%emt 0:00:01]} 75. Ra7 $2 {[%emt 0:00:23]} (75. Rd7 $1 {mates} Rc8+ 76. Kb7 Re8 77. Kc7 Kg8 78. Rd8 Rxd8 79. Kxd8 Kh7 80. e6) 75... Ke8 $2 {[%emt 0:00:13][%mdl 8192]} (75... Kg8 $16 76. Ra1 Re8) 76. Ra4 {[%emt 0:00:43] White mates.} Rc8+ {[%emt 0:00:33]} 77. Kd6 $1 {[%emt 0:00:29]} Rd8+ {[%emt 0:00:10]} 78. Kc7 $1 {[%emt 0:00:10]} Rd7+ {[%emt 0:00:02]} 79. Kc6 {[%emt 0:00:04]} Rd8 {[%emt 0:00:06]} 80. Rh4 {[%emt 0:00:28][%cal Rh4h8]} Rc8+ {[%emt 0:00:22] [#]} 81. Kd6 $1 {[%emt 0:00:16][%cal Rh4h8]} Rd8+ {[%emt 0:00:05] [#]} 82. Kc7 $1 {[%emt 0:00:08][%cal Rh4h8]} Rd7+ {[%emt 0:00:09]} 83. Kc6 {[%emt 0:00:05] Weighted Error Value: White=0.12 (very precise) /Black=0.09 (flawless)} 1-0